Statistics for Every GAA Club in Galway

Click here to take the quiz!

General Stats

  • This quiz has been taken 26 times
    (18 since last reset)
  • The average score is 16 of 77

Answer Stats

ClubCounty Titles
(Hurling/Football)
Provincial Titles
(Hurling/Football)
All Ireland Titles
(Hurling/Football)
Current Football DivisionCurrent Hurling Division% Correct
Castlegar1741A
63%
Oranmore Maree1161IntermediateA
63%
Tuam Stars6310SeniorC1
63%
Athenry800Junior AB
50%
Athenry111Junior 1
50%
Claregalway600SeniorA
50%
Clarinbridge221A
50%
Corofin21105Intermediate
50%
Gort720A
50%
Portumna634A
50%
Salthill Knocknacarra321SeniorJunior A
50%
Tynagh/Abbey/Duniry110Intermediate
50%
Carnmore000Intermediate
38%
Clifden000Intermediate
38%
Dunmore Machales1500Senior
38%
Kiltormer531Intermediate
38%
Kinvara400Intermediate
38%
Liam Mellows700B
38%
Loughrea210A
38%
Sarsfields762A
38%
St Thomas'801A
38%
Turloughmore1310A
38%
Abbeyknockmoy643Intermediate
25%
Ahascragh-Fohenagh210B
25%
Annaghdown1800SeniorIntermediate
25%
Ardrahan1630A
25%
Bearna610SeniorJunior A
25%
Cappataggle1220A
25%
Killimor000A
25%
Killimordaly130A
25%
Kilnadeema-Leitrim100B
25%
Mountbellew/Moylough500SeniorJunior A
25%
Mullagh300B
25%
Padraig Pearses1820B
25%
St Gabriel's000Intermediate
25%
St Michael's000Senior
25%
Tommy Larkins130A
25%
Beagh300B
13%
Caltra111Intermediate
13%
Carna Caiseal000Junior
13%
Craughwell500A
13%
Headford000Intermediate
13%
Kilbeacanty000Intermediate
13%
Kilconieron000A
13%
Killanin200Senior
13%
Milltown800Senior
13%
Monivea-Abbey200Intermediate
13%
Northern Gaels000Junior
13%
Oughterard411Senior
13%
Renvyle000Junior
13%
Skehana100Junior A
13%
St James'110Senior
13%
Ballindereen511Intermediate
0%
Ballygar000Intermediate
0%
Caherlistrane410Senior
0%
Carraroe200Intermediate
0%
Cortoon Shamrocks600Intermediate
0%
Father Griffin's Eire Óg720Junior
0%
Glenamaddy000Intermediate
0%
Glinsk000
0%
Kilconly100Intermediate
0%
Kilkerrin/Clonberne/Killerin620Intermediate
0%
Meelick/Eyrecourt000Intermediate
0%
Menlough000Junior A
0%
Michael Cusacks000
0%
Mícheál Breatnachs010IntermediateJunior 1
0%
Moycullen401SeniorB
0%
Naomh Anna, Leitir Móir600Senior
0%
Naomh Pádraig, An Fháirche (Clonbur)000Junior
0%
Na Piarsaigh000Junior
0%
Oilean Árann010Intermediate
0%
Rahoon/Newcastle400Intermediate
0%
Spidéal000SeniorIntermediate
0%
St Brendans000Junior
0%
St Coleman's000Junior
0%
Sylane000Intermediate
0%
Williamstown000Intermediate
0%

Score Distribution

Percentile by Number Answered

Percent of People with Each Score

Your Score History

You have not taken this quiz since the last reset